Wird geladen...
Rural marketing:concepts and practices
| Hauptverfasser: | , |
|---|---|
| Format: | Printed Book |
| Veröffentlicht: |
New Delhi
Tata McGraw- Hill
2008
|
| Schlagworte: |
| LEADER | 00540nam a22001577a 4500 | ||
|---|---|---|---|
| 020 | |a 9780070660007 | ||
| 082 | |a 658.800 917 34 |b DOG/R | ||
| 100 | |a Dogra, Balram | ||
| 100 | |a Ghuman, Karminder | ||
| 245 | |a Rural marketing:concepts and practices | ||
| 260 | |a New Delhi |b Tata McGraw- Hill |c 2008 | ||
| 300 | |a 352p. | ||
| 650 | |a Marketing (Rural) | ||
| 942 | |c BK | ||
| 999 | |c 42442 |d 42442 | ||
| 952 | |0 0 |1 0 |4 0 |6 658_800000000000000_917_34_DOG |7 0 |8 Stack |9 46198 |a KUCL |b KUCL |c Stack |d 2016-11-02 |g 225.00 |l 0 |o 658.800 917 34 DOG/R |p 43854 |r 2016-11-02 |w 2016-11-02 |y BK | ||